Statistics for 20 Most Streamed Songs from 2006 on Spotify

Click here to take the quiz!

General Stats

  • This quiz has been taken 114 times
    (111 since last reset)
  • The average score is 11 of 20

Answer Stats

HintSong% Correct
Justin TimberlakeSexyBack
83%
Amy WinehouseBack To Black
76%
Snow PatrolChasing Cars
69%
Gnarls BarkleyCrazy
68%
Red Hot Chili PeppersDani California
67%
Red Hot Chili PeppersSnow (Oh Hey)
67%
FergieBig Girls Don't Cry (Personal)
64%
Plain White T'sHey There Delilah
63%
Sean PaulTemperature
63%
BeyoncéIrreplaceable
61%
AkonSmack That
58%
Nelly FurtadoPromiscuous
58%
My Chemical RomanceTeenagers
53%
My Chemical RomanceWelcome to the Black Parade
53%
CascadaEverytime We Touch
51%
Ne-YoSo Sick
38%
Rascal FlattsLife is a Highway
32%
The KillersWhen You Were Young
30%
Corinne Bailey RaePut Your Records On
20%
The KooksNaive
16%

Score Distribution

Percentile by Number Answered

Percent of People with Each Score

Your Score History

You have not taken this quiz since the last reset